Challenger Leagues - Statistics

General Stats
  • This quiz has been taken 58 times
  • The average score is 7 of 14
Answer Stats
Picture Answer % Correct
North America
90%
DACH Evolution
71%
France Revolution
67%
LATAM North | LATAM South
61%
Northern Europe Polaris
61%
Spain Rising
59%
Gambers Club {Brazil}
57%
Italy Rinascimento
49%
MENA Resilience
49%
Turkey Birlik
47%
Portugal Tempest
37%
East Surge
31%
LATAM South (2022-2023)
20%
CIS Milestone
10%
No matching quizzes found
Score Distribution
Percent of People with Each Score
Percentile by Number Answered
Your Score History
You have not taken this quiz